[Event "I Torneo Cerrado Breña Baja 2019"]
[Site "Breña Baja ESP"]
[Date "2019.03.31"]
[Round "5.4"]
[White "De Verdier, Michael"]
[Black "Napoli, Nicolo"]
[Result "1/2-1/2"]
[WhiteElo "2306"]
[BlackElo "2321"]
[PlyCount "92"]
[EventDate "2019.03.29"]
[EventType "tourn"]
[EventRounds "9"]
[EventCountry "ESP"]
[EventCategory "6"]
[SourceTitle "Ajedrez en Madrid"]
[Source "lmi"]
[SourceDate "2019.03.29"]
[SourceVersion "1"]
[SourceVersionDate "2019.01.20"]
[SourceQuality "2"]

1. e4 c6 2. Nf3 g6 3. d4 Bg7 4. c3 d5 5. exd5 cxd5 6. Bd3 Nc6 7. O-O Qc7 8. Re1
Nf6 9. Nbd2 O-O 10. Nf1 a6 11. a4 Rb8 12. g3 Nh5 13. Be2 Bf6 14. Ne5 Ng7 15.
Ne3 Qd8 16. Bf3 Bxe5 17. dxe5 d4 18. Nd5 dxc3 19. bxc3 Be6 20. Bg5 Bxd5 21.
Bxd5 Na5 22. e6 f6 23. Bf4 Rc8 24. Qd3 Nb3 25. Rad1 Nc5 26. Qf3 Qb6 27. Be3 Nf5
28. Bxc5 Rxc5 29. Rb1 Qa5 30. c4 Nd6 31. Qb3 Rfc8 32. Qb6 Kg7 33. Bxb7 Qxb6 34.
Rxb6 Rb8 35. Reb1 Rxc4 36. Bc6 Rc1+ 37. Rxc1 Rxb6 38. Bd7 a5 39. Rc5 Ra6 40.
Rc7 f5 41. Bb5 Nxb5 42. Rxe7+ Kf6 43. axb5 Rb6 44. Rxh7 Kxe6 45. Ra7 Rxb5 46.
Ra6+ Kf7 1/2-1/2

[Event "I Torneo Cerrado Breña Baja 2019"]
[Site "Breña Baja ESP"]
[Date "2019.03.31"]
[Round "5.5"]
[White "Ladron De Guevara Pinto, Paolo"]
[Black "Hernandez Leon, Alberto"]
[Result "1-0"]
[WhiteElo "2429"]
[BlackElo "2280"]
[PlyCount "73"]
[EventDate "2019.03.29"]
[EventType "tourn"]
[EventRounds "9"]
[EventCountry "ESP"]
[EventCategory "6"]
[SourceTitle "Ajedrez en Madrid"]
[Source "lmi"]
[SourceDate "2019.03.29"]
[SourceVersion "1"]
[SourceVersionDate "2019.01.20"]
[SourceQuality "2"]

1. e4 c5 2. Nf3 d6 3. d4 cxd4 4. Nxd4 Nf6 5. Nc3 a6 6. Bc4 e6 7. O-O b5 8. Bb3
Be7 9. Qf3 Qb6 10. Be3 Qb7 11. Qg3 O-O 12. Bh6 Ne8 13. Rad1 Kh8 14. Bg5 Nf6 15.
f3 b4 16. Na4 Nbd7 17. c3 a5 18. c4 Ne5 19. Qe1 Bd7 20. f4 Nxc4 21. e5 dxe5 22.
fxe5 Bxa4 23. Bxa4 Nxb2 24. Bc6 Qb6 25. exf6 gxf6 26. Qf2 fxg5 27. Qxb2 Rad8
28. Kh1 Kg8 29. Ba4 Rd6 30. Ne2 Rfd8 31. Ng3 Rxd1 32. Bxd1 Qd4 33. Qe2 Qh4 34.
Nf5 exf5 35. Qxe7 Rd2 36. Bb3 Qh5 37. Bxf7+ 1-0

[Event "I Torneo Cerrado Breña Baja 2019"]
[Site "Breña Baja ESP"]
[Date "2019.03.31"]
[Round "6.1"]
[White "Gonzalez Perez, Arian"]
[Black "Hernandez Leon, Alberto"]
[Result "1-0"]
[WhiteElo "2467"]
[BlackElo "2280"]
[PlyCount "95"]
[EventDate "2019.03.29"]
[EventType "tourn"]
[EventRounds "9"]
[EventCountry "ESP"]
[EventCategory "6"]
[SourceTitle "Ajedrez en Madrid"]
[Source "lmi"]
[SourceDate "2019.03.29"]
[SourceVersion "1"]
[SourceVersionDate "2019.01.20"]
[SourceQuality "2"]

1. e4 c5 2. Nf3 d6 3. d4 cxd4 4. Nxd4 Nf6 5. Nc3 a6 6. Bc4 e6 7. O-O b5 8. Bb3
Be7 9. Be3 O-O 10. f4 Qc7 11. f5 e5 12. Nde2 Bb7 13. Nd5 Bxd5 14. Bxd5 Nxd5 15.
Qxd5 Nd7 16. Qd3 Nc5 17. Bxc5 dxc5 18. Nc3 c4 19. Qg3 Bc5+ 20. Kh1 f6 21. Nd5
Qf7 22. Rad1 Rad8 23. Qf3 Rd6 24. g4 Bb6 25. Qa3 Bc7 26. Rg1 h6 27. h4 Rfd8 28.
Qf3 R8d7 29. g5 fxg5 30. hxg5 hxg5 31. Rxg5 Rh6+ 32. Kg2 Bd8 33. Rg3 Rdd6 34.
Ne3 Rxd1 35. Qxd1 Qe7 36. f6 Rxf6 37. Nf5 Rxf5 38. exf5 Qb7+ 39. Qf3 e4 40. Qh5
e3+ 41. Qf3 Qd7 42. Qxe3 Qxf5 43. Qe8+ Qf8 44. Re3 Bf6 45. Qe6+ Qf7 46. Qc8+
Kh7 47. Rh3+ Kg6 48. Qg4+ 1-0

[Event "I Torneo Cerrado Breña Baja 2019"]
[Site "Breña Baja ESP"]
[Date "2019.03.31"]
[Round "6.2"]
[White "Napoli, Nicolo"]
[Black "Ladron De Guevara Pinto, Paolo"]
[Result "0-1"]
[WhiteElo "2321"]
[BlackElo "2429"]
[PlyCount "54"]
[EventDate "2019.03.29"]
[EventType "tourn"]
[EventRounds "9"]
[EventCountry "ESP"]
[EventCategory "6"]
[SourceTitle "Ajedrez en Madrid"]
[Source "lmi"]
[SourceDate "2019.03.29"]
[SourceVersion "1"]
[SourceVersionDate "2019.01.20"]
[SourceQuality "2"]

1. d4 Nf6 2. c4 g6 3. Nf3 Bg7 4. g3 O-O 5. Bg2 d5 6. O-O dxc4 7. Na3 c3 8. bxc3
c5 9. Nc4 Nc6 10. Qb3 Be6 11. Qxb7 cxd4 12. Qxc6 Rc8 13. Qa4 Rxc4 14. Qxa7 dxc3
15. a4 Rc7 16. Qa5 Qc8 17. Nd4 Rc5 18. Qa7 Bd5 19. Nf3 Rd8 20. Be3 Rc6 21. Qa5
c2 22. Rac1 Be4 23. Qb4 Rc4 24. Qb3 Nd5 25. Bh3 e6 26. Bg5 Rd7 27. Nd2 Rb4 0-1

[Event "I Torneo Cerrado Breña Baja 2019"]
[Site "Breña Baja ESP"]
[Date "2019.03.31"]
[Round "6.3"]
[White "Alvarado Diaz, Alejandro"]
[Black "De Verdier, Michael"]
[Result "1/2-1/2"]
[WhiteElo "2399"]
[BlackElo "2306"]
[PlyCount "63"]
[EventDate "2019.03.29"]
[EventType "tourn"]
[EventRounds "9"]
[EventCountry "ESP"]
[EventCategory "6"]
[SourceTitle "Ajedrez en Madrid"]
[Source "lmi"]
[SourceDate "2019.03.29"]
[SourceVersion "1"]
[SourceVersionDate "2019.01.20"]
[SourceQuality "2"]

1. d4 e6 2. Nf3 Nf6 3. Bf4 d5 4. e3 Bd6 5. Bg3 O-O 6. Nbd2 b6 7. Bd3 c5 8. c3
Ba6 9. Bxa6 Nxa6 10. Qe2 Nb8 11. O-O Nc6 12. dxc5 Bxg3 13. hxg3 bxc5 14. e4 Qb6
15. Rab1 a5 16. Rfe1 Rfd8 17. exd5 exd5 18. Qd3 a4 19. Ne5 Nxe5 20. Rxe5 Re8
21. Rxe8+ Rxe8 22. Nf3 g6 23. Qc2 Qa6 24. Re1 Rxe1+ 25. Nxe1 Qc4 26. b3 axb3
27. axb3 Qe4 28. Qd1 Qe5 29. c4 dxc4 30. bxc4 Qe4 31. Qc1 Qe2 32. Nf3 1/2-1/2

[Event "I Torneo Cerrado Breña Baja 2019"]
[Site "Breña Baja ESP"]
[Date "2019.03.31"]
[Round "6.5"]
[White "Muñoz, Miguel"]
[Black "Herrera Reyes, Jose Antonio"]
[Result "1-0"]
[WhiteElo "2482"]
[BlackElo "2324"]
[PlyCount "63"]
[EventDate "2019.03.29"]
[EventType "tourn"]
[EventRounds "9"]
[EventCountry "ESP"]
[EventCategory "6"]
[SourceTitle "Ajedrez en Madrid"]
[Source "lmi"]
[SourceDate "2019.03.29"]
[SourceVersion "1"]
[SourceVersionDate "2019.01.20"]
[SourceQuality "2"]

1. e4 c5 2. Nf3 e6 3. g3 b6 4. Bg2 Bb7 5. Qe2 d6 6. d4 Nf6 7. e5 dxe5 8. dxe5
Nd5 9. O-O Nc6 10. c4 Nde7 11. Rd1 Qb8 12. Nc3 Nf5 13. Nb5 a6 14. g4 Nh4 15.
Qd3 Nd4 16. Nbxd4 Nxg2 17. Ne2 Bc6 18. Kxg2 Qb7 19. Bg5 f6 20. exf6 gxf6 21.
Bxf6 Rg8 22. Kg3 Be4 23. Qe3 Rg6 24. Ng5 Bf5 25. gxf5 Rxf6 26. Nxe6 Kf7 27.
N2f4 Bd6 28. Ng5+ Kg8 29. Ne4 Bxf4+ 30. Qxf4 Rf7 31. f6 Kh8 32. f3 1-0

[Event "I Torneo Cerrado Breña Baja 2019"]
[Site "Breña Baja ESP"]
[Date "2019.04.01"]
[Round "7.1"]
[White "Herrera Reyes, Jose Antonio"]
[Black "Gonzalez Perez, Arian"]
[Result "1-0"]
[WhiteElo "2324"]
[BlackElo "2467"]
[PlyCount "89"]
[EventDate "2019.03.29"]
[EventType "tourn"]
[EventRounds "9"]
[EventCountry "ESP"]
[EventCategory "6"]
[SourceTitle "Ajedrez en Madrid"]
[Source "lmi"]
[SourceDate "2019.03.29"]
[SourceVersion "1"]
[SourceVersionDate "2019.01.20"]
[SourceQuality "2"]

1. Nf3 Nf6 2. g3 g6 3. Bg2 Bg7 4. d3 O-O 5. O-O d6 6. a3 e5 7. c3 h6 8. Nbd2
Nc6 9. b4 Be6 10. e4 Qd7 11. Re1 Bh3 12. Bh1 Ng4 13. Nh4 Ne7 14. Qb3 Kh7 15. f3
Nf6 16. Nf1 d5 17. Be3 Be6 18. Qb2 dxe4 19. dxe4 Qa4 20. f4 exf4 21. gxf4 Rad8
22. Bc5 Nfg8 23. f5 Bc8 24. Ng3 Rfe8 25. Qa2 Rf8 26. e5 gxf5 27. Nhxf5 Nxf5 28.
Be4 Kh8 29. Bxf8 Be6 30. Bxg7+ Nxg7 31. Qf2 Qb3 32. Qe3 b6 33. Rab1 Qc4 34.
Rbd1 Re8 35. Rd4 Qb5 36. Bc2 Qc6 37. Qd3 f5 38. exf6 Nxf6 39. Rf4 Bg8 40. Rxe8
Ngxe8 41. Rh4 Nd5 42. Qd4+ Nef6 43. c4 Qe8 44. cxd5 Qe1+ 45. Nf1 1-0

[Event "I Torneo Cerrado Breña Baja 2019"]
[Site "Breña Baja ESP"]
[Date "2019.04.01"]
[Round "7.2"]
[White "Lemos, Damian"]
[Black "Muñoz, Miguel"]
[Result "1/2-1/2"]
[WhiteElo "2482"]
[BlackElo "2482"]
[PlyCount "71"]
[EventDate "2019.03.29"]
[EventType "tourn"]
[EventRounds "9"]
[EventCountry "ESP"]
[EventCategory "6"]
[SourceTitle "Ajedrez en Madrid"]
[Source "lmi"]
[SourceDate "2019.03.29"]
[SourceVersion "1"]
[SourceVersionDate "2019.01.20"]
[SourceQuality "2"]

1. Nf3 Nf6 2. b3 g6 3. Bb2 Bg7 4. g3 c5 5. c4 O-O 6. Bg2 Nc6 7. O-O d6 8. Nc3
Bf5 9. Nd5 Ne8 10. Bxg7 Nxg7 11. d4 Be4 12. dxc5 dxc5 13. Nc3 Bxf3 14. Bxf3 Qc7
15. Bxc6 Qxc6 16. Qd5 Qc7 17. Rad1 Rfd8 18. Qe4 e6 19. Nb5 Qb6 20. Qe5 Ne8 21.
Nc3 Qc7 22. Qg5 f6 23. Qe3 Kf7 24. Qf3 Kg7 25. Qe3 Kf7 26. Nb5 Qb6 27. Qf3 Kg7
28. Qe4 Kf7 29. e3 a6 30. Nc3 Qc7 31. Qf3 Rac8 32. h4 Kg7 33. Qe4 Kf7 34. h5 f5
35. Qf3 Nf6 36. hxg6+ 1/2-1/2

[Event "I Torneo Cerrado Breña Baja 2019"]
[Site "Breña Baja ESP"]
[Date "2019.04.01"]
[Round "7.3"]
[White "De Verdier, Michael"]
[Black "Juhasz, Armin"]
[Result "1/2-1/2"]
[WhiteElo "2306"]
[BlackElo "2375"]
[PlyCount "69"]
[EventDate "2019.03.29"]
[EventType "tourn"]
[EventRounds "9"]
[EventCountry "ESP"]
[EventCategory "6"]
[SourceTitle "Ajedrez en Madrid"]
[Source "lmi"]
[SourceDate "2019.03.29"]
[SourceVersion "1"]
[SourceVersionDate "2019.01.20"]
[SourceQuality "2"]

1. Nf3 Nf6 2. c4 e6 3. Nc3 Bb4 4. Qc2 O-O 5. a3 Bxc3 6. Qxc3 b6 7. e3 Bb7 8.
Be2 d6 9. O-O Nbd7 10. b4 Qe7 11. Bb2 e5 12. d4 Ne4 13. Qb3 exd4 14. Bxd4 Ng5
15. Nxg5 Qxg5 16. f3 Ne5 17. c5 dxc5 18. bxc5 Nc6 19. cxb6 Nxd4 20. exd4 cxb6
21. Bc4 Rad8 22. Rad1 Bd5 23. Rfe1 Rd6 24. Bxd5 Rxd5 25. Qe3 Qxe3+ 26. Rxe3
Rfd8 27. Re7 R5d7 28. Rxd7 Rxd7 29. Kf2 f6 30. Ke3 Kf7 31. Rc1 Ke6 32. Ke4 Kd6
33. Rc8 Re7+ 34. Kd3 g6 35. Rg8 1/2-1/2

[Event "I Torneo Cerrado Breña Baja 2019"]
[Site "Breña Baja ESP"]
[Date "2019.04.01"]
[Round "7.4"]
[White "Ladron De Guevara Pinto, Paolo"]
[Black "Alvarado Diaz, Alejandro"]
[Result "1-0"]
[WhiteElo "2429"]
[BlackElo "2399"]
[PlyCount "57"]
[EventDate "2019.03.29"]
[EventType "tourn"]
[EventRounds "9"]
[EventCountry "ESP"]
[EventCategory "6"]
[SourceTitle "Ajedrez en Madrid"]
[Source "lmi"]
[SourceDate "2019.03.29"]
[SourceVersion "1"]
[SourceVersionDate "2019.01.20"]
[SourceQuality "2"]

1. e4 e6 2. d4 d5 3. Nd2 Nf6 4. e5 Nfd7 5. f4 c5 6. Ngf3 Nc6 7. Nb3 c4 8. Nbd2
Be7 9. Be2 b5 10. Nf1 Nb6 11. Ne3 Bd7 12. O-O Qc7 13. Qe1 f5 14. Kh1 g6 15. b3
O-O 16. g4 Kh8 17. Bd2 a5 18. Rg1 Rg8 19. Rg2 b4 20. Qg3 c3 21. Be1 a4 22. Rd1
Nd8 23. Qh3 Nf7 24. Bh4 Bxh4 25. Nxh4 g5 26. gxf5 gxh4 27. fxe6 Rxg2 28. Nxg2
Nh6 29. Qxh4 1-0

[Event "I Torneo Cerrado Breña Baja 2019"]
[Site "Breña Baja ESP"]
[Date "2019.04.01"]
[Round "7.5"]
[White "Hernandez Leon, Alberto"]
[Black "Napoli, Nicolo"]
[Result "1-0"]
[WhiteElo "2280"]
[BlackElo "2321"]
[PlyCount "47"]
[EventDate "2019.03.29"]
[EventType "tourn"]
[EventRounds "9"]
[EventCountry "ESP"]
[EventCategory "6"]
[SourceTitle "Ajedrez en Madrid"]
[Source "lmi"]
[SourceDate "2019.03.29"]
[SourceVersion "1"]
[SourceVersionDate "2019.01.20"]
[SourceQuality "2"]

1. d4 Nf6 2. Nf3 e6 3. c4 Bb4+ 4. Nbd2 b6 5. a3 Bxd2+ 6. Bxd2 Bb7 7. e3 O-O 8.
Bd3 Ne4 9. O-O f5 10. Qc2 d6 11. Rfd1 Nd7 12. Be1 Qf6 13. b4 Kh8 14. c5 bxc5
15. dxc5 Bd5 16. c6 Ne5 17. Nxe5 Qxe5 18. Rab1 f4 19. f3 Ng5 20. e4 Bxe4 21.
Bxe4 d5 22. Bd3 Rf6 23. Qe2 Qd6 24. Bh4 1-0

[Event "I Torneo Cerrado Breña Baja 2019"]
[Site "Breña Baja ESP"]
[Date "2019.04.01"]
[Round "8.1"]
[White "Gonzalez Perez, Arian"]
[Black "Napoli, Nicolo"]
[Result "0-1"]
[WhiteElo "2467"]
[BlackElo "2321"]
[PlyCount "85"]
[EventDate "2019.03.29"]
[EventType "tourn"]
[EventRounds "9"]
[EventCountry "ESP"]
[EventCategory "6"]
[SourceTitle "Ajedrez en Madrid"]
[Source "lmi"]
[SourceDate "2019.03.29"]
[SourceVersion "1"]
[SourceVersionDate "2019.01.20"]
[SourceQuality "2"]

1. e4 c6 2. d4 d5 3. Nc3 dxe4 4. Nxe4 Bf5 5. Ng3 Bg6 6. h4 h6 7. Nf3 Nd7 8. h5
Bh7 9. Bd3 Bxd3 10. Qxd3 e6 11. Bd2 Ngf6 12. O-O-O Qc7 13. Ne4 O-O-O 14. g3
Nxe4 15. Qxe4 Nf6 16. Qe2 Rd5 17. Ne5 Bd6 18. Nc4 Rd8 19. c3 Qe7 20. Nxd6+ Qxd6
21. Bf4 Qe7 22. Be5 Nd7 23. Bf4 Nb6 24. b3 Qa3+ 25. Kb1 Qa5 26. c4 R5d7 27. d5
Na8 28. Qe5 Nc7 29. Qxg7 exd5 30. Bxc7 Qxc7 31. c5 Re7 32. Qxh6 Qe5 33. Qd2 Rh8
34. Rde1 Qf5+ 35. Kc1 Re5 36. h6 Kd7 37. Kb2 Rxe1 38. Rxe1 Rxh6 39. Qb4 Kc8 40.
Re8+ Kd7 41. Re2 Kc8 42. Re8+ Kd7 43. Ra8 0-1

[Event "I Torneo Cerrado Breña Baja 2019"]
[Site "Breña Baja ESP"]
[Date "2019.04.01"]
[Round "8.2"]
[White "Alvarado Diaz, Alejandro"]
[Black "Hernandez Leon, Alberto"]
[Result "1/2-1/2"]
[WhiteElo "2399"]
[BlackElo "2280"]
[PlyCount "63"]
[EventDate "2019.03.29"]
[EventType "tourn"]
[EventRounds "9"]
[EventCountry "ESP"]
[EventCategory "6"]
[SourceTitle "Ajedrez en Madrid"]
[Source "lmi"]
[SourceDate "2019.03.29"]
[SourceVersion "1"]
[SourceVersionDate "2019.01.20"]
[SourceQuality "2"]

1. c4 c6 2. d4 d5 3. Nf3 Nf6 4. cxd5 cxd5 5. Nc3 Nc6 6. Bf4 Bf5 7. Nh4 Bd7 8.
Nf3 Bf5 9. e3 e6 10. Bd3 Bxd3 11. Qxd3 Bd6 12. Bg3 O-O 13. a3 Rc8 14. O-O Bxg3
15. hxg3 Qd6 16. Nb5 Qd8 17. Nc3 Qd6 18. Rac1 a6 19. Rc2 Rc7 20. Rfc1 Rfc8 21.
Ne2 Ne7 22. Rxc7 Rxc7 23. Rxc7 Qxc7 24. Qc3 Qxc3 25. Nxc3 Nc6 26. Kf1 Kf8 27.
Ke2 Ke7 28. Kd3 Ng4 29. Ke2 Nf6 30. Kd3 Ng4 31. Ke2 Nf6 32. Kd3 1/2-1/2

[Event "I Torneo Cerrado Breña Baja 2019"]
[Site "Breña Baja ESP"]
[Date "2019.04.01"]
[Round "8.3"]
[White "Juhasz, Armin"]
[Black "Ladron De Guevara Pinto, Paolo"]
[Result "1/2-1/2"]
[WhiteElo "2375"]
[BlackElo "2429"]
[PlyCount "60"]
[EventDate "2019.03.29"]
[EventType "tourn"]
[EventRounds "9"]
[EventCountry "ESP"]
[EventCategory "6"]
[SourceTitle "Ajedrez en Madrid"]
[Source "lmi"]
[SourceDate "2019.03.29"]
[SourceVersion "1"]
[SourceVersionDate "2019.01.20"]
[SourceQuality "2"]

1. Nf3 Nf6 2. c4 g6 3. Nc3 Bg7 4. e4 d6 5. d4 O-O 6. Be2 e5 7. O-O Nc6 8. dxe5
dxe5 9. Bg5 Qxd1 10. Rfxd1 Bg4 11. h3 Bxf3 12. Bxf3 Nd4 13. Nd5 Nxd5 14. cxd5
f5 15. Be3 f4 16. Bxd4 exd4 17. Rac1 Be5 18. Bg4 Kf7 19. Rd3 Ke7 20. Rb3 Rab8
21. Rc4 h5 22. Be2 Rf6 23. Ra4 Rb6 24. Rxa7 Rxb3 25. axb3 Kd6 26. Kf1 Bf6 27.
Bd3 Be5 28. Ke2 g5 29. f3 Bf6 30. Bc4 Be5 1/2-1/2

[Event "I Torneo Cerrado Breña Baja 2019"]
[Site "Breña Baja ESP"]
[Date "2019.04.01"]
[Round "8.4"]
[White "Muñoz, Miguel"]
[Black "De Verdier, Michael"]
[Result "1/2-1/2"]
[WhiteElo "2482"]
[BlackElo "2306"]
[PlyCount "67"]
[EventDate "2019.03.29"]
[EventType "tourn"]
[EventRounds "9"]
[EventCountry "ESP"]
[EventCategory "6"]
[SourceTitle "Ajedrez en Madrid"]
[Source "lmi"]
[SourceDate "2019.03.29"]
[SourceVersion "1"]
[SourceVersionDate "2019.01.20"]
[SourceQuality "2"]

1. e4 e6 2. Nf3 d5 3. exd5 exd5 4. d4 Bd6 5. Bd3 Ne7 6. O-O O-O 7. Re1 Bf5 8.
Bg5 Bxd3 9. Qxd3 Nbc6 10. c4 dxc4 11. Qxc4 h6 12. Bxe7 Nxe7 13. Nc3 c6 14. Ne5
Qc7 15. Rac1 Rad8 16. a3 a6 17. b4 Nf5 18. Nd5 cxd5 19. Qxc7 Bxc7 20. Rxc7 Nxd4
21. Rxb7 Nc2 22. Rd1 Nxa3 23. Nc6 Rd6 24. Rb6 Re6 25. Rxa6 Rc8 26. Rxa3 Rexc6
27. Rad3 Rb6 28. Rd4 Rc4 29. Rxd5 Rcxb4 30. g3 Rb1 31. Rxb1 Rxb1+ 32. Kg2 g6
33. h4 h5 34. Rd7 1/2-1/2

[Event "I Torneo Cerrado Breña Baja 2019"]
[Site "Breña Baja ESP"]
[Date "2019.04.01"]
[Round "8.5"]
[White "Herrera Reyes, Jose Antonio"]
[Black "Lemos, Damian"]
[Result "0-1"]
[WhiteElo "2324"]
[BlackElo "2482"]
[PlyCount "84"]
[EventDate "2019.03.29"]
[EventType "tourn"]
[EventRounds "9"]
[EventCountry "ESP"]
[EventCategory "6"]
[SourceTitle "Ajedrez en Madrid"]
[Source "lmi"]
[SourceDate "2019.03.29"]
[SourceVersion "1"]
[SourceVersionDate "2019.01.20"]
[SourceQuality "2"]

1. Nf3 d5 2. g3 c6 3. Bg2 Nf6 4. d3 Bf5 5. O-O e6 6. c3 h6 7. Qb3 Qc8 8. c4 Be7
9. cxd5 exd5 10. e4 dxe4 11. dxe4 Bxe4 12. Ne5 O-O 13. Re1 Bxg2 14. Kxg2 Bd6
15. Nc4 Bc7 16. Nc3 Nbd7 17. Be3 b5 18. Nd2 Re8 19. f3 Ne5 20. Nce4 Nd5 21. Bc5
Qf5 22. a4 bxa4 23. Rxa4 Rad8 24. Rd4 Ng6 25. Qb7 Qd7 26. Qb3 f5 27. Rf1 Qe6
28. f4 Rb8 29. Qa3 fxe4 30. f5 Nh4+ 31. gxh4 Qe5 32. Rh1 Nf4+ 33. Kf1 Qxf5 34.
Ke1 Nd3+ 35. Rxd3 exd3+ 36. Kd1 Qe6 37. b4 Qe2+ 38. Kc1 a5 39. Qb3+ Qe6 40.
Qxd3 Rbd8 41. Qf3 Qd5 42. Qb3 Bf4 0-1

[Event "I Torneo Cerrado Breña Baja 2019"]
[Site "Breña Baja ESP"]
[Date "2019.04.02"]
[Round "9.2"]
[White "De Verdier, Michael"]
[Black "Herrera Reyes, Jose Antonio"]
[Result "1/2-1/2"]
[WhiteElo "2306"]
[BlackElo "2324"]
[PlyCount "86"]
[EventDate "2019.03.29"]
[EventType "tourn"]
[EventRounds "9"]
[EventCountry "ESP"]
[EventCategory "6"]
[SourceTitle "Ajedrez en Madrid"]
[Source "lmi"]
[SourceDate "2019.03.29"]
[SourceVersion "1"]
[SourceVersionDate "2019.01.20"]
[SourceQuality "2"]

1. Nf3 c5 2. c4 b6 3. g3 Bb7 4. Bg2 e6 5. O-O Qc7 6. b3 Nf6 7. Nc3 a6 8. d4
cxd4 9. Qxd4 Be7 10. Rd1 Nc6 11. Qd2 O-O 12. Bb2 Rac8 13. Rac1 Qb8 14. e4 d6
15. Qe3 Ng4 16. Qe2 Nge5 17. Ne1 Nd7 18. Nc2 Nf6 19. Ne3 Ne5 20. f4 Ned7 21.
Nf1 b5 22. Nd2 Qa7+ 23. Kh1 Qa8 24. Re1 Nc5 25. b4 Ncd7 26. a3 bxc4 27. Nxc4
Qa7 28. Na5 Ba8 29. h3 e5 30. Nd5 Nxd5 31. exd5 f6 32. Nc6 Bxc6 33. dxc6 Nb6
34. Bd4 Bd8 35. Bg1 a5 36. Qb5 a4 37. c7 Bxc7 38. Rxc7 Qxc7 39. Qxb6 Qc3 40.
Qe3 Qb2 41. Re2 Qa1 42. Re1 Qb2 43. Re2 Qa1 1/2-1/2

[Event "I Torneo Cerrado Breña Baja 2019"]
[Site "Breña Baja ESP"]
[Date "2019.04.02"]
[Round "9.3"]
[White "Ladron De Guevara Pinto, Paolo"]
[Black "Muñoz, Miguel"]
[Result "1/2-1/2"]
[WhiteElo "2429"]
[BlackElo "2482"]
[PlyCount "141"]
[EventDate "2019.03.29"]
[EventType "tourn"]
[EventRounds "9"]
[EventCountry "ESP"]
[EventCategory "6"]
[SourceTitle "Ajedrez en Madrid"]
[Source "lmi"]
[SourceDate "2019.03.29"]
[SourceVersion "1"]
[SourceVersionDate "2019.01.20"]
[SourceQuality "2"]

1. e4 d5 2. exd5 Qxd5 3. Nc3 Qa5 4. d4 Nf6 5. Nf3 Bg4 6. h3 Bxf3 7. Qxf3 c6 8.
Bd2 Nbd7 9. O-O-O e6 10. Kb1 Bb4 11. a3 Bxc3 12. Bxc3 Qd5 13. Qxd5 Nxd5 14. Bd2
b5 15. c4 bxc4 16. Bxc4 N7b6 17. Bb3 O-O-O 18. a4 Kb7 19. Rc1 Nc7 20. Bc3 Nbd5
21. g3 Rd7 22. Bd1 Nxc3+ 23. bxc3 Nd5 24. Kc2 Kc7 25. Be2 Re8 26. Rhe1 e5 27.
Bf3 Rde7 28. Bxd5 cxd5 29. Kd3 e4+ 30. Ke3 Kd6 31. c4 Rb7 32. cxd5 Rb3+ 33. Ke2
e3 34. Kf1 Kxd5 35. fxe3 Rbxe3 36. Rxe3 Rxe3 37. Rc7 Rxg3 38. Rxf7 a6 39. Rd7+
Kc4 40. h4 Rg4 41. h5 Rg5 42. Rd6 a5 43. h6 Kb4 44. hxg7 Rxg7 45. Ke2 Kxa4 46.
Rb6 h5 47. Rh6 Rg5 48. Kd3 Kb4 49. Ke4 a4 50. d5 a3 51. Rb6+ Kc3 52. Ra6 Rg4+
53. Ke3 Kb3 54. d6 Rg1 55. Rb6+ Kc4 56. Ra6 Kb4 57. d7 Rd1 58. Ra7 h4 59. Kf3
h3 60. Kg3 Rd3+ 61. Kh2 Kb3 62. Rb7+ Kc2 63. Rc7+ Kb2 64. Rb7+ Ka2 65. Ra7 Kb2
66. Rb7+ Ka1 67. Rb3 Rxb3 68. d8=Q a2 69. Qd4+ Kb1 70. Qd1+ Kb2 71. Qd2+
1/2-1/2

[Event "I Torneo Cerrado Breña Baja 2019"]
[Site "Breña Baja ESP"]
[Date "2019.04.02"]
[Round "9.4"]
[White "Hernandez Leon, Alberto"]
[Black "Juhasz, Armin"]
[Result "1/2-1/2"]
[WhiteElo "2280"]
[BlackElo "2375"]
[PlyCount "33"]
[EventDate "2019.03.29"]
[EventType "tourn"]
[EventRounds "9"]
[EventCountry "ESP"]
[EventCategory "6"]
[SourceTitle "Ajedrez en Madrid"]
[Source "lmi"]
[SourceDate "2019.03.29"]
[SourceVersion "1"]
[SourceVersionDate "2019.01.20"]
[SourceQuality "2"]

1. Nf3 Nf6 2. c4 g6 3. d4 Bg7 4. Nc3 d5 5. Bg5 dxc4 6. Qa4+ c6 7. Qxc4 Qb6 8.
Na4 Qa5+ 9. Bd2 Qf5 10. Qb3 Ne4 11. Be3 O-O 12. Nc3 Qa5 13. g3 Nxc3 14. Bd2 Qh5
15. Bxc3 b6 16. Bg2 Bh3 17. O-O 1/2-1/2

[Event "I Torneo Cerrado Breña Baja 2019"]
[Site "Breña Baja ESP"]
[Date "2019.04.02"]
[Round "9.5"]
[White "Napoli, Nicolo"]
[Black "Alvarado Diaz, Alejandro"]
[Result "0-1"]
[WhiteElo "2321"]
[BlackElo "2399"]
[PlyCount "44"]
[EventDate "2019.03.29"]
[EventType "tourn"]
[EventRounds "9"]
[EventCountry "ESP"]
[EventCategory "6"]
[SourceTitle "Ajedrez en Madrid"]
[Source "lmi"]
[SourceDate "2019.03.29"]
[SourceVersion "1"]
[SourceVersionDate "2019.01.20"]
[SourceQuality "2"]

1. d4 Nf6 2. c4 g6 3. Nf3 Bg7 4. g3 O-O 5. Bg2 d6 6. O-O Nbd7 7. Nc3 e5 8. e4
exd4 9. Nxd4 Re8 10. f3 a6 11. Be3 Rb8 12. Qd2 Ne5 13. b3 c5 14. Nde2 b5 15.
cxb5 axb5 16. Rad1 b4 17. Na4 Ba6 18. Qc2 Qc7 19. Rf2 Rbc8 20. Bh3 Ra8 21. Bf1
Bb7 22. Nd4 Qe7 0-1